01688nam a2200445 i 450000100060000000300080000600500170001400600190003100700150005000800410006502000180010602000270012403500230015103500240017403500250019803500210022304000310024405000230027508000070029808200120030510000190031724500990033626400680043530000380050333600310054133700330057233800430060550000220064850400290067058801280069959001640082765000180099165000450100965000180105465000450107265500270111779700190114485600620116399900170122547670FlNmELB20241216231902.0m o d | cr cnu||||||||150202s2014 sp ob 001 0 spa d z9788484543206 a9788416312108 (e-book) a(MiAaPQ)EBC3227131 a(Au-PeEL)EBL3227131 a(CaPaEBR)ebr11002523 a(OCoLC)992023277 aFINmELBbspaerdacFINmELB 4aNA2500b.C146 2014 a720 a7202231 aCalduch, Juan.10aTemas de composición arquitectónica.nvolumen 12,pArquitectura y ética /cJuan Calduch. 1aSan Vicente (Alicante) :bEditorial Club Universitario,c[2014] a1 recurso en línea (12 volumen) atextobtxt2rdacontent/spa acomputadorabc2rdamedia/spa arecurso en líneabcr2rdacarrier/spa aIncluye índice. aContiene bibliografía. aDescripción basada en recurso en línea; Título de la página del título en PDF (e-libro, visto February 02, 2015). aRecurso electrónico. Santa Fe, Arg.: e-libro, 2015. Disponible vía World Wide Web. El acceso puede estar limitado para las bibliotecas afiliadas a e-libro. 0aArchitecture. 0aArchitecturexMoral and ethical aspects. 4aArquitectura. 4aArquitecturaxMoral y aspectos éticos. 4aLibros electrónicos.2 ae-libro, Corp.40uhttps://elibro.net/ereader/politecnicointernacional/43982 c47670d47670